Normale Ansicht
MARC-Ansicht
Eintrag Personenname
001 - Kontrollnummer
- Kontrollfeld: 67499
003 - Kontrollnummer Identifier
- Kontrollfeld:
005 - Datum und Zeit der letzten Transaktion
- Kontrollfeld: 20251029132355.0
008 - Datenelemente mit fester Länge
- Kontrollfeld mit fester Länge: 251029|| aca||aabn | a|a d
040 ## - Katalogisierungsquelle
- Original-Katalogisierungsstelle:
- Übertragungsstelle:
100 ## - Ansetzung - Personenname
- Personenname: Hranush Kharatyan
670 ## - Datenquelle
- Quellenangabe: Work cat.: ()73109: Hranush Kharatyan, Khojalu "Genocide" and its Mission in Karabakh Conflict